<?xml version="1.0" encoding="UTF-8"?><?xml-stylesheet type="text/xsl" href="static/style.xsl"?><OAI-PMH xmlns="http://www.openarchives.org/OAI/2.0/" xmlns:xsi="http://www.w3.org/2001/XMLSchema-instance" xsi:schemaLocation="http://www.openarchives.org/OAI/2.0/ http://www.openarchives.org/OAI/2.0/OAI-PMH.xsd"><responseDate>2026-04-18T02:14:58Z</responseDate><request verb="GetRecord" identifier="oai:www.recercat.cat:2445/102173" metadataPrefix="marc">https://recercat.cat/oai/request</request><GetRecord><record><header><identifier>oai:recercat.cat:2445/102173</identifier><datestamp>2025-12-05T12:55:45Z</datestamp><setSpec>com_2072_1057</setSpec><setSpec>col_2072_478817</setSpec><setSpec>col_2072_478917</setSpec></header><metadata><record xmlns="http://www.loc.gov/MARC21/slim" xmlns:dcterms="http://purl.org/dc/terms/" xmlns:xsi="http://www.w3.org/2001/XMLSchema-instance" xmlns:doc="http://www.lyncode.com/xoai" xsi:schemaLocation="http://www.loc.gov/MARC21/slim http://www.loc.gov/standards/marcxml/schema/MARC21slim.xsd">
   <leader>00925njm 22002777a 4500</leader>
   <datafield ind2=" " ind1=" " tag="042">
      <subfield code="a">dc</subfield>
   </datafield>
   <datafield ind2=" " ind1=" " tag="720">
      <subfield code="a">Payrató, Lluís, 1960-</subfield>
      <subfield code="e">author</subfield>
   </datafield>
   <datafield ind2=" " ind1=" " tag="260">
      <subfield code="c">2016-09-27T11:18:07Z</subfield>
   </datafield>
   <datafield ind2=" " ind1=" " tag="260">
      <subfield code="c">2016-09-27T11:18:07Z</subfield>
   </datafield>
   <datafield ind2=" " ind1=" " tag="260">
      <subfield code="c">2016</subfield>
   </datafield>
   <datafield ind2=" " ind1=" " tag="260">
      <subfield code="c">2016-09-27T11:18:13Z</subfield>
   </datafield>
   <datafield ind2=" " ind1=" " tag="520">
      <subfield code="a">Aquest article fa una revisió panoràmica, descriptiva i en part valorativa, dels estudis de pragmàtica i anàlisi del discurs que, entre 1997 i 2012, s'han desenvolupat en relació amb la llengua catalana. Subdividint aquestes dues grans àrees en apartats temàtics, es fa veure com la lingüística catalana, que ha tractat en molta profunditat temes gramaticals, fonètics, històrics, lexicogràfics, dialectals i sociolingüístics, té un compte pendent, encara, amb la línia pragmàtica i discursiva. Els estudis corresponents, per bé que en alguns casos s'han situat en un nivell internacional, mostren també llacunes, subàrees poc desenvolupades, amb poca tradició. També s'apunta que la necessitat d'analitzar pragmàticament i discursivament la societat i la cultura catalanes és evident, tant com la d'integrar els estudis en el conjunt crosscultural de pràctiques comunicatives d'arreu. El sentit d'una pragmàtica i una anàlisi del discurs catalanes implica l'anàlisi pertinent de singularitats, on localisme i globalisme no representen extrems irreconciliables, sinó dimensions complementàries i que s'exigeixen mútuament.</subfield>
   </datafield>
   <datafield tag="653" ind2=" " ind1=" ">
      <subfield code="a">Pragmàtica (Lingüística)</subfield>
   </datafield>
   <datafield tag="653" ind2=" " ind1=" ">
      <subfield code="a">Anàlisi del discurs</subfield>
   </datafield>
   <datafield tag="653" ind2=" " ind1=" ">
      <subfield code="a">Català</subfield>
   </datafield>
   <datafield tag="653" ind2=" " ind1=" ">
      <subfield code="a">Pragmatics</subfield>
   </datafield>
   <datafield tag="653" ind2=" " ind1=" ">
      <subfield code="a">Discourse analysis</subfield>
   </datafield>
   <datafield tag="653" ind2=" " ind1=" ">
      <subfield code="a">Catalan language</subfield>
   </datafield>
   <datafield ind2="0" ind1="0" tag="245">
      <subfield code="a">Estudis de pragmàtica i anàlisi del discurs sobre la llengua catalana: un repàs de l'etapa 1997-2012</subfield>
   </datafield>
</record></metadata></record></GetRecord></OAI-PMH>